000 00460nam a2200169Ia 4500
003 GCL
008 140319s9999 xx 000 0 eng d
040 _aGCL /
_cGCL
082 0 4 _a891.7
_bN H
100 1 _aNIVAT, GEORGES
245 1 0 _aHISTOIRE DE LA LITERATURE RUSSE /
_cNIVAT, GEORGES
260 _a[S.N] :
_bLIBRAIRIE ARTHEME FAYARD ،
_c1990
650 0 4 _aLITERATURE
650 0 4 _aRUSSIAN LITERATURE
650 0 4 _aHISTORY, LITERATURE
942 _2ddc
_cBK
999 _c22621
_d22621